El juego del poder : (Registro nro. 2820)
[ vista simple ]
| 000 -CABECERA | |
|---|---|
| Longitud fija campo de control | 00947nam a2200229Ia 4500 |
| 001 - NÚMERO DE CONTROL | |
| Número de control | 364999 |
| 003 - IDENTIFICADOR DEL NÚMERO DE CONTROL | |
| Identificador del número de control | EcQuBN |
| 007 - CAMPO FIJO DE DESCRIPCIÓN FÍSICA--INFORMACIÓN GENERAL | |
| Campo fijo de descripción física | ta |
| 008 - DATOS DE LONGITUD FIJA--INFORMACIÓN GENERAL | |
| Códigos de información de longitud fija | 130917s1985 ec gr 001 0 spa d |
| 040 ## - FUENTE DE LA CATALOGACIÓN | |
| Centro catalogador de origen | EcQuBN |
| 084 ## - OTRO NÚMERO DE CLASIFICACIÓN | |
| Número de clasificación | FER2Lb001026 |
| 100 1# - ENTRADA PRINCIPAL--NOMBRE DE PERSONA | |
| Nombre de persona | Argones, Nelson |
| 245 10 - MENCIÓN DE TÍTULO | |
| Título | El juego del poder : |
| Parte restante del título | de Rodríguez Lara a Febres Cordero |
| Mención de responsabilidad, etc. | Nelson Argones |
| 260 ## - PUBLICACIÓN, DISTRIBUCIÓN, ETC. (PIE DE IMPRENTA) | |
| Lugar de publicación, distribución, etc. | Quito, Ecuador : |
| Nombre del editor, distribuidor, etc. | Corporación Editora Nacional, |
| Fecha de publicación, distribución, etc. | 1985 |
| 300 ## - DESCRIPCIÓN FÍSICA | |
| Extensión | 183 p. ; |
| Dimensiones | 21 cm. |
| 490 1# - MENCIÓN DE SERIE | |
| Mención de serie | Biblioteca de ciencias sociales |
| Número de volumen/designación secuencial | n. 5 |
| 504 ## - NOTA DE BIBLIOGRAFÍA, ETC. | |
| Nota de bibliografía, etc. | Incluye anexos |
| 505 ## - NOTA DE CONTENIDO CON FORMATO | |
| Nota de contenido con formato preestablecido | I: Sociedad y sistema oligárquico -- II: El régimen de Rodríguez Lara: un intento de trasformación antioligárquica desde el estado -- III: Partidos y tendencias del escenario político -- IV: El retorno democrático -- V: Las elecciones Nacionales 1984 -- VI: Ecuador: una sociedad capitalista tardía. |
| 650 ## - PUNTO DE ACCESO ADICIONAL DE MATERIA--TÉRMINO DE MATERIA | |
| 9 (RLIN) | 12383 |
| Nombre de materia o nombre geográfico como elemento de entrada | Elecciones |
| 942 ## - ELEMENTOS DE PUNTO DE ACCESO ADICIONAL (KOHA) | |
| Fuente de clasificaión o esquema | Número de Clasificación Local |
| Koha [por defecto] tipo de item | Monografía |
| Suprimido | Perdido | Fuente de clasificación o esquema | Estropeado | Restricciones de uso | No se presta | Koha Colección | Localización (Biblioteca) | Localización actual | Localización en estanterías | Fecha adquisición | Préstamos totales | Clasificación completa | Designación de pieza (código de barras) | Fecha última consulta | Número de ejemplar | Fecha del precio de reemplazo | Tipo de item de Koha | Serie de enumeración ; cronología |
|---|---|---|---|---|---|---|---|---|---|---|---|---|---|---|---|---|---|---|
| Disponible | Dewey Decimal Classification | Sin daños | Disponible para préstamo | CIENCIAS SOCIALES | Biblioteca CCE - Manabí | Biblioteca CCE - Manabí | En Col. | 29/05/1996 | 324.2 A693 | CCE-MAN18062022 | 07/06/2018 | Ej. 1 | Monografía | vol. 5 | ||||
| Disponible | Número de Clasificación Local | Sin daños | Sin restricciones de uso | Disponible para préstamo | Biblioteca y Archivo de la CCE | Biblioteca y Archivo de la CCE | 25/04/2011 | FER2Lb001026 | E0003066 | 17/09/2013 | Ej.2 | 17/09/2013 | Monografía | |||||
| Disponible | Número de Clasificación Local | Sin daños | Sin restricciones de uso | No para préstamo | Biblioteca y Archivo de la CCE | Biblioteca y Archivo de la CCE | 25/04/2011 | FER2Lb001026 | E0003065 | 17/09/2013 | Ej.1 | 17/09/2013 | Monografía | |||||
| Disponible | Número de Clasificación Local | Sin daños | Sin restricciones de uso | Disponible para préstamo | Biblioteca y Archivo de la CCE | Biblioteca y Archivo de la CCE | 27/05/2015 | FER2Lb001026 | E0003067 | 27/05/2015 | Ej.3 | 27/05/2015 | Monografía |























